00797nam a2200229 a 4500001001000000005001700010008004100027041000800068044000700076050002000083100002600103245013300129260004100262300002400303500000900327650004900336700003500385902000800420942001100428999001500439952011300454BRCA_830120190320210222.0180614s1950----fr-a###f##---#000-0#fre-# afre afr 4aGT150b.D3 19501 aDaninos, Pierre9934210aSavior vivre internationalbcode de la susceptibilité et des bons usages à traves le mondecPierre Daninos et Doré Ogrizek aParisbOde le Monde en Coleursc1950 a510 p.bil.c17 cm. aS11914aUsos y costumbresvManuales y guías9207261 aOgrizek, Doréecoaut.920502 aGFM 2lcccB c7969d7969 00104070aBRCAbBRCAd2014-06-18iS119l0oGT150 .D3 1950 (S119)p8925r2019-03-22 00:00:00w2019-03-22yB